000 00699nam a2200241Ia 4500
003 OSt
005 20221006164958.0
006 a|||||r|||| 00| 0
007 ta
008 221006b |||||||| |||| 00| 0 hin d
024 _a5,556
037 _cTextual
040 _aFML
_cFML
_bhin
041 _2hin
_ahin
082 _aNR44, 6(Q1), M2 -; 3
100 _aVyas Madan Lal Au.
_9678811
245 0 _aVaidikk Parampara Main Samgaan
260 _aVaranasi
_bAnand Prakashan India
_c1982
300 _a258
_ccm.
700 _a Mitra Rajeshwar Tr.
_9678812
942 _hNR44, 6(Q1), M2 -; 3
_cTEXL
_2CC
999 _c1119158
_d1119158